Statistics for NBA 1960s Leaders Per Team

Click here to take the quiz!

General Stats

  • This quiz has been taken 23 times
  • The average score is 11 of 28

Answer Stats

Team Player % Correct
Warriors, 76ersWilt Chamberlain
100%
RoyalsOscar Robertson
100%
LakersElgin Baylor
95%
CelticsBill Russell
90%
LakersJerry West
90%
HawksBob Pettit
81%
CelticsSam Jones
81%
KnicksWillis Reed
76%
PistonsDave Bing
57%
PistonsDave DeBusschere
43%
76ersHal Greer
43%
Rockets*Art Williams
38%
KnicksRichie Guerin
33%
RoyalsJerry Lucas
33%
BulletsWalt Bellamy
29%
Bucks*Greg Smith
29%
Suns*Gail Goodrich
19%
Hawks, Supersonics*Lenny Wilkens
19%
Bulls*Bob Boozer
14%
Bulls*, Warriors, BucksGuy Rodgers
14%
PistonsBailey Howell
10%
Bucks*Jon McGlocklin
10%
Rockets*Don Kojis
5%
Rockets*Toby Kimball
0%
Bulls*Jim Washington
0%
BulletsKevin Loughery
0%
Suns*Gary Gregor
0%
SuperSonics*Bob Rule
0%

Score Distribution

Percentile by Number Answered

Percent of People with Each Score

Your Score History

You have not taken this quiz